000 00502nam a2200181Ia 4500
005 20250508154736.0
008 008 250505s9999 xx 000 0 eng d
037 _aTextual
040 _aFEDL
_beng
_cFEDL
041 _aeng
_2eng
084 _a371.822, WAY
_qFEDL
100 _aWay Brian
_920248
245 0 _aDevelopment through drama
260 _aLondon, UK
_bLongmans, Green and Co.
_c1967
300 _aviii,308p
942 _cTEXL
_h371.822, WAY
999 _c1351910
_d1351910